000
00308nam a22001337a 4500
008
171122b xxu||||| |||| 00| 0 eng d
020
_a
9780256195170
041
_a
eng
080
_a
336
100
_a
56
101
_a
FIN
245
_a
FUNDAMENTALS OF CORPORATE FINANCE
_c
ROBERTS.J
942
_2
udc
_c
BK
999
_c
38293
_d
38293